000 00528nam a2200193Ia 4500
005 20250508152741.0
008 008 250505s9999 xx 000 0 eng d
037 _aTextual
040 _aFEDL
_beng
_cFEDL
041 _aeng
_2eng
084 _a016.5, SCI
_qFEDL
100 _aMurray John
245 0 _aScience books for a school library
260 _aLondon, UK
_bScience Masters' Association
_c1959
300 _a54p.
650 _aBibliography
942 _cTEXL
_h016.5, SCI
999 _c1338488
_d1338488